Neuróbicos : los caminos del razonamiento /

Guardado en:
Detalles Bibliográficos
Autor principal: Vélez Caicedo, Juan Diego (autor)
Otros autores: Vélez Montoya, Antonio (autor) (autor), Vélez Caicedo, María Cristina (autor) (autor)
Formato: Libro
Idioma:Español
Publicado: Bogotá, Colombia : Universidad Nacional de Colombia, Rectoría, 2016, c2016
Colección:(Apuntes Maestros)
Temas:
Etiquetas: Agrega una etiqueta
Sin etiquetas, Sé el primero en etiquetar este registro!

MARC

LEADER 00000nam^a2200000^a^4500
001 000401827
005 20250521000000.0
009 20260310121657.477
020 |a 978-958-775-898-6 
037 |a Acervo ITESO - Biblioteca 
041 |a ESP 
082 |a 793. 74  |b VEL 
100 |a Vélez Caicedo, Juan Diego  |e (autor) 
245 1 0 |a Neuróbicos :  |b los caminos del razonamiento /  |c J.D. Vélez Caicedo, A. Vélez Montoya, M.C. Vélez Caicedo. 
264 4 |a Bogotá, Colombia :  |b Universidad Nacional de Colombia, Rectoría,  |c 2016, c2016 
300 |a XV, 607 p. 
336 |a texto  |b txt  |2 rdacontenido 
337 |a sin mediación  |b n  |2 rdamedio 
338 |a volumen  |b nc  |2 rdasoporte 
440 1 |a (Apuntes Maestros) 
649 |a XX 
650 |a Juegos Matemáticos -  |x Tema Principal 
650 |a Juegos Mentales 
650 |a Solución de Problemas 
650 |a Habilidades de Pensamiento -  |x Tema Principal 
650 |a Pruebas de Inteligencia 
650 |a Razonamiento Lógico -  |x Tema Principal 
650 |a Lógica Matemática 
650 |a Matemáticas -  |x Problemas, Ejercicios, etc. 
700 |a Vélez Montoya, Antonio  |e (autor) 
700 |a Vélez Caicedo, María Cristina  |e (autor) 
910 |a Fondo General 
920 |a Impresos - Libros 
930 |a Colección General 
905 |a 101 
901 |a 0500297133  |b IT1  |c ACC  |u 20250521 
902 |a https://opac.biblio.iteso.mx/vufind/Record/000401827